Participácia zamestnancov v modernom riadení podniku

Decentralizácia v rámci organizačnej štruktúry. Delegovanie právomocí. Delegovanie ako základná činnosť riadenia. Úspešné delegovanie.

Gespeichert in:
Bibliographische Detailangaben
1. Verfasser: Šukalová, Viera
Format: Buchkapitel
Sprache:Slowakisch
Schlagworte:
Tags: Tag hinzufügen
Keine Tags, Fügen Sie das erste Tag hinzu!

MARC

LEADER 00000naa a2200000 4500
001 0123965
005 20231103072444.5
041 0 |a slo 
044 |a SK 
245 1 0 |a Participácia zamestnancov v modernom riadení podniku  |c Viera Šukalová 
520 |a Decentralizácia v rámci organizačnej štruktúry. Delegovanie právomocí. Delegovanie ako základná činnosť riadenia. Úspešné delegovanie. 
610 2 0 |a manažment 
610 2 0 |a riadenie podnikové 
610 2 0 |a manažéri 
610 2 0 |a zamestnanci 
610 2 0 |a decentralizácia 
610 2 0 |a delegovanie právomoci 
610 2 0 |a rozhodovanie decentralizované 
100 1 |a Šukalová, Viera